Liste des candidats aux présidentielles n'ayant jamais gagné - Statistiques

Statistiques générales
  • Ce quiz a été pris 134 fois
  • Le résultat moyen est 49 sur 98
Statistiques - réponses
Année Parti % au premier tour Réponse % Correct
1974 FN 0,75% Jean-Marie Le Pen
98%
1988 FN 14,39% Jean-Marie Le Pen
98%
1995 FN 15% Jean-Marie Le Pen
98%
2002 FN 16,86% Jean-Marie Le Pen
98%
2007 FN 10,44% Jean-Marie Le Pen
98%
2012 FN 17,9% Marine Le Pen
98%
2017 FN 21,3% Marine Le Pen
98%
2022 RN 23,15% Marine Le Pen
98%
2012 PG 11,1% Jean-Luc Mélenchon
90%
2017 LFI 19,58% Jean-Luc Mélenchon
90%
2022 LFI 21,95% Jean-Luc Mélenchon
90%
2012 NPA 1,15% Philippe Poutou
90%
2017 NPA 1,09% Philippe Poutou
90%
2022 NPA 0,76% Philippe Poutou
90%
2022 REC 7,07% Eric Zemmour
83%
2012 LO 0,56% Nathalie Arthaud
83%
2017 LO 0,64% Nathalie Arthaud
83%
2022 LO 0,56% Nathalie Arthaud
83%
2017 LR 20,01% François Fillon
79%
1995 PS 23,3% Lionel Jospin
77%
2002 PS 16,18% Lionel Jospin
77%
2022 LR 4,78% Valérie Pécresse
77%
2007 PS 25,87% Ségolène Royal
76%
2022 PS 1,74% Anne Hidalgo
75%
2002 UDF 6,84% François Bayrou
75%
2007 UDF 18,57% François Bayrou
75%
2012 MoDem 9,13% François Bayrou
75%
2012 DLR 1,79% Nicolas Dupont-Aignan
73%
2017 DLF 4,7% Nicolas Dupont-Aignan
73%
2022 DLF 2,06% Nicolas Dupont-Aignan
73%
2022 EELV 4,63 Yannick Jadot
72%
2017 PS 6,36% Benoît Hamon
70%
2022 PCF 2,28% Fabien Roussel
70%
2017 RES 1,21% Jean Lasalle
68%
2022 RES 3,13% Jean Lasalle
68%
1995 RPR 18,58% Edouard Balladur
62%
1974 LO 2,33% Arlette Laguiller
61%
1981 LO 2,30% Arlette Laguiller
61%
1988 LO 1,99% Arlette Laguiller
61%
1995 LO 5,3% Arlette Laguiller
61%
2002 LO 5,72% Arlette Laguiller
61%
2007 LO 1,33% Arlette Laguiller
61%
2012 EELV 2,31% Eva Joly
60%
2017 UPR 0,92% François Asselineau
58%
1995 FNS 0,28% Jacques Cheminade
57%
2012 SP 0,25% Jacques Cheminade
57%
2017 SP 0,18% Jacques Cheminade
57%
2002 LCR 4,25% Olivier Besancenot
56%
2007 LCR 4,08% Olivier Besancenot
56%
1981 PCF 15,35% Georges Marchais
54%
1995 PCF 8,64% Robert Hue
50%
2002 PCF 3,37% Robert Hue
50%
1995 MPF 4,74% Philippe de Villiers
46%
2007 MPF 2,23% Philippe de Villiers
46%
2002 PRG 2,32% Christiane Taubira
44%
2002 LV 5,25% Noël Mamère
39%
2002 MDC 5,33% Jean-Pierre Chevènement
38%
1988 UDF 16,55% Raymond Barre
38%
1969 PSU 3,61% Michel Rocard
37%
1995 LV 3,32% Dominique Voynet
36%
2007 LV 1,57% Dominique Voynet
36%
2007 PCF 1,93% Marie-George Buffet
35%
1974 UDR 15,1% Jacques Chaban-Delmas
34%
2007 DVG 1,32% José Bové
31%
2002 MNR 2,34% Bruno Mégret
29%
1981 RPR 1,66% Michel Debré
27%
2007 CPNT 1,15% Frédéric Nihous
26%
2002 DL 3,91% Alain Madelin
25%
1969 LC 1,06% Alain Krivine
24%
1974 LCR 0,37% Alain Krivine
24%
2002 FRS 1,19% Christine Boutin
23%
2007 PT 1,34% Gérard Schivardi
23%
2002 Cap21 1,88% Corinne Lepage
22%
1965 MRP 15,57% Jean Lecanuet
22%
1974 ECO 1,32% René Dumont
22%
1969 SFIO 5,01% Gaston Defferre
21%
1969 PCF 21,27% Jacques Duclos
21%
2002 CPNT 4,23% Jean Saint-Josse
21%
1981 MEP 3,88% Brice Lalonde
20%
1965 CTV 5,2% Jean-Louis Tixier-Vignancour
20%
1988 LV 3,78% Antoine Waechter
19%
1988 PCF 6,76% André Lajoinie
18%
1981 RPR 1,33% Marie-France Garaud
15%
2002 PT 0,47% Daniel Gluckstein
14%
1974 DVD 3,17% Jean Royer
13%
1965 PLE 1,71% Pierre Marcilhacy
12%
1974 NAF 0,17% Bertrand Renouvin
11%
1958 PCF 13,03% Georges Marrane
11%
1965 SE 1,15% Marcel Barbu
11%
1981 PSU 1,11% Huguette Bouchardeau
10%
1981 MRG 2,21% Michel Crépeau
10%
1988 NGSEA 2,1% Pierre Juquin
10%
1974 MDSF 0,69% Emile Muller
9%
1974 PFE 0,08% Guy Héraud
9%
1974 MFE 0,16% Jean-Claude Sebag
9%
1969 DVG 1,27% Louis Ducatel
9%
1988 MPPT 0,38% Pierre Boussel
9%
1958 UFD 8,46% Albert Châtelet
8%
Aucun quiz correspondant
Distribution des résultats
% des personnes avec chaque résultat
Percentile par nombre de réponses
Votre historique - résultats
Vous n’avez pas pris ce quiz